| 000 | 01284nac a22003011u 4500 | ||
|---|---|---|---|
| 003 | EG-ScBUE | ||
| 005 | 20211128111112.0 | ||
| 008 | 110403s1983 ua f 000 1p ara d | ||
| 017 | _a1983 / 2492 | ||
| 040 |
_aEG-ScBUE _bara _erda _cEG-ScBUE _dEG-ScBUE |
||
| 041 | 1 |
_aara _hper |
|
| 082 | 0 | 4 |
_a891.55 _bش ي ر _222 |
| 100 | 1 |
_aسعدي الشيرازي، عبد الله بن مشرف، _dت. 690 هـ.، _eمؤلف. _922766 |
|
| 245 | 1 | 0 |
_aجنة الورد = _bكلستان -Golestan / _cتأليف السعدي الشيرازي ؛ تعريب الدكتور أمين عبد المجيد بدوي. |
| 246 | 3 | 1 | _aكلستان -Golestan |
| 264 | 1 |
_aالقاهرة : _bمنشورات سمير أبو داوود، _c1983. |
|
| 300 |
_a350 صفحة ؛ _c24 سم |
||
| 336 |
_2rdacontent _aنص _btxt |
||
| 337 |
_2rdamedia _aبدون وسيط _bn |
||
| 338 |
_2rdacarrier _aمجلد _bnc |
||
| 546 | _aالنص باللغة العربية وتم ترجمته من اللغة الفارسية. | ||
| 650 | 7 |
_aالشعر الفارسي _xدواوين وقصائد. _922768 _2BUEsh |
|
| 651 | _2BUEsh | ||
| 653 |
_bGGEN _cNovember2021 |
||
| 655 |
_vReading book _934232 |
||
| 700 | 1 |
_aبدوي، أمين عبد المجيد، _eمعرب. _922767 |
|
| 942 |
_cBB _k891.551 ش ي ر _2ddc |
||
| 999 |
_c7279 _d7279 |
||